000 00572 a2200205 4500
999 _c32181
_d32181
003 OSt
005 20260220122807.0
008 260220b ||||| |||| 00| 0 eng d
020 _a9781473779112
040 _c.
082 _a658.7
_bW396
100 _94968
_aWeele, Arjan J. Van
245 _aProcurement and supply chain management /
_cArjan J. Van Weele and Frank Rozemeijer
250 _a8th ed.
260 _bCenage Learning
_aUK :
_c2022.
300 _a415 p.
650 0 _96484
_aSupply Chain Management
700 _96657
_aRozemeijer, Frank
942 _2ddc
_cBK